000
00199nam a22000977a 4500
020
_a
9788174868305
082
_a
892.80
100
_a
NARLIKAR, JAYANT
245
_a
PRESHIT - MARATHI NOVEL
942
_c
BK
999
_c
6626
_d
6626